| 000 | 00676nam a22002177a 4500 | ||
|---|---|---|---|
| 005 | 20131107103017.0 | ||
| 010 | _aENG-108636 | ||
| 020 |
_a9788124605578 _c700.00 |
||
| 020 |
_a8124605572 _c700.00 |
||
| 035 | _aEN-92169 | ||
| 037 | _bDBAD/PUB | ||
| 082 | _a759.954 | ||
| 100 | _aSatyawadi, Sudha | ||
| 245 |
_aUnique art of Warli paintings / _cby Sudha Satyawadi |
||
| 260 |
_aNew Delhi _c2010 _bD.K. Printworld |
||
| 270 |
_aF-52, Bali Nagar Ramesh Nagar Metro Station _bNew Delhi _e110015 |
||
| 300 |
_avi,92p. : _c24cm(Hb) _bcol. photos |
||
| 500 | _aIncludes bibliographical references and index | ||
| 600 | _d | ||
| 942 |
_2ddc _cEN _mSAT _h759.954 |
||
| 999 |
_c80483 _d80483 |
||